000
00415nam a22001097a 4500
008
110623t xxu||||| |||| 00| 0 eng d
010
_a
HCCSF94
245
_a
The Court Of Civil Suit No. 1359 of 1998 Labeja Nelson Vs A.D. & Sons and others.
260
_c
1998
500
_a
Before: The Hon. Mr. Justice G. Tinyinondi.
999
_c
3758
_d
3758